000 03132nam a22003977i 4500
001 B-12206
003 CO-BoFNCP
007 t||
008 090820s2009 ck r spa d
040 _aCO-BoFNCP
_bspa
_cCO-BoFNCP
_erda
041 _aspa
043 _ack
084 _aA-
100 1 _aAriza, Josué G.,
_eautor.
_4aut
_941327
245 0 0 _aRelación entre los síntomas externos y el avance interno de la lesión causada por la pudrición del cogollo (PC) en palmas de vivero en Tumaco.
264 1 _aPalmira :
_bAscolfi,
_c2009.
300 _apáginas 35-38 :
_bTablas, gráficos, fotografías.
336 _atexto
_btxt
_2rdacontent
337 _asin mediación
_bn
_2rdamedia
338 _avolumen
_bnc
_2rdacarrier
504 _aIncluye referencias bibliográficas.
520 _aUtilizando la Escala de Severidad de la pudrición del cogollo de la palma de aceite, desarrollada por los investigadores de Cenipalma, se procedió a adelantar un estudio en el cual se estableció la relación entre cada uno de los grados de severidad y el avance de los síntomas en la zona del cogollo hacia el meristemo, en palmas de vivero de 12 a 18 meses de edad. Se identificaron 20 palmas por cada uno de los grados de severidad y se procedió a realizar la disección de cada una de ellas, identificando el sitio de avance de la pudrición y midiendo la distancia desde este sitio hasta la zona meristemática. Los resultados se sometieron a un análisis de varianza y pruebas de correlación de Pearson. Se determinó que existe una relación inversamente proporcional entre el grado de severidad y la distancia entre el sitio de avance de la PC en la zona del cogollo y la del meristemo. Los grados de severidad más bajos, 1 y 2 presentaron la mayor distancia hasta el meristemo, permitiendo entender el por qué las actividades de control de la enfermedad, por eliminación del tejido enfermo, tiene las mejores posibilidades de recuperación de las palmas, cuando se ponen en práctica las acciones de manejo y control de la PC recomendadas por Cenipalma. En grados de severidad más altos, el proceso de pudrición ha avanzado más hacia la zona meristemática, reduciendo las posibilidades de recuperación de las palmas, debido a la dificultad de retirar todo el tejido enfermo. Los resultados obtenidos confirman la estrecha relación entre los grados de severidad en la flecha más joven de más de 30 cm y el avance de la pudrición en la zona del cogollo y la utilidad de la escala de grados de severidad, en el diagnóstico y toma de medidas oportunas para el control de la enfermedad.
650 0 _aDiagnóstico.
_98293
650 0 _aEscala de severidad
_932126.
650 0 _aPudrición del cogollo
_930852.
650 0 _aTumaco
_931078.
650 0 _aPalma de aceite
_937678.
700 1 _aMartínez L., Gerardo
_933358.
700 1 _aSarria, Greicy A.
_941330.
700 1 _aTorres, Gabriel A.
_941331.
700 1 _aVarón, Francia
_941332.
773 0 _aFitopatología Colombiana
_gv. 32, no. 2 (Febrero 2009), p.35-38
_wA-
_x0120-0143
942 _2z
_c1
999 _c26554
_d26554
999 _z1